| 000 | 005120000a22001930004500 | ||
|---|---|---|---|
| 001 | 004057 | ||
| 003 | MACL | ||
| 005 | 20150908130201.0 | ||
| 008 | 150908b xxu||||| |||| 00| 0 eng d | ||
| 040 |
_aMACL _cMACL |
||
| 041 | _aEnglish | ||
| 082 | _a808.8/SHA | ||
| 100 |
_aSharma, TRS _99219 |
||
| 245 |
_aAncient Indian Literature An Anthology _bVol.1 Vedic Sanskrit & Pali _cTRS Sharma |
||
| 260 |
_aNew Delhi _c2000 _bSahitya Akademi, |
||
| 350 | _a450 | ||
| 650 |
_aLiterature _99220 |
||
| 942 |
_k809 _cBK _2ddc |
||
| 999 |
_c15948 _d15948 |
||